Sports Quiz

Random Sports or Basketball Quiz

Big East Quiz Stats

 Plays Quiz Updated Oct 19, 2016

Score 0/20 Timer 05:00
0 Plays Today
% Correct
Georgetown
75%
Villanova
72.9%
St. John's
69.5%
Hoyas
63.5%
Marquette
62%
Butler
61.7%
Wildcats
60.7%
Xavier
60.5%
DePaul
59.5%
Providence
59.3%
% Correct
Creighton
58.9%
Seton Hall
58%
Bulldogs
57.2%
Bluejays
50.7%
Red Storm
47.5%
Friars
44.9%
Golden Eagles
44.6%
Pirates
43.9%
Musketeers
43.2%
Blue Demons
36.7%

You're not logged in!

Compare scores with friends on all Sporcle quizzes.
OR
Log In

Sporcle TV

Today on Sporcle TV


Watch our educational content, quiz creation guides, and fun videos on Sporcle TV.

Show Comments

Extras

Top Quizzes Today


Score Distribution

Your Account Isn't Verified!

In order to create a playlist on Sporcle, you need to verify the email address you used during registration. Go to your Sporcle Settings to finish the process.

Report this User

Report this user for behavior that violates our Community Guidelines.

Details: